000
00342nam a2200145Ia 4500
008
090124s9999 xx 000 0 und d
082
_b
302603
245
_a
सौदा
250
_a
2
260
_b
पाटील देवदत्त
_c
1992
300
_a
140
630
_a
सौदा
730
_a
सौदा
942
_c
BOOK
999
_c
192240
_d
192240